000 00644nam a2200217Ia 4500
005 20250508165949.0
008 008 250505s9999 xx 000 0 eng d
020 _a1-55786-28-5
037 _aTextual
040 _aFEDL
_beng
_cFEDL
041 _aeng
_2eng
084 _a301.01, CAL
_qFEDL
100 _aCalboun Craig
_9782542
245 0 _aCritical social theory: Culture, history and the challenge of difference
260 _aCambridge
_bBasil Blackwell
_c1995
300 _ax, 326p.
365 _aINR
_b1.7
490 _aTwentieth- Century Social Theory
942 _cTEXL
_h301.01, CAL
999 _c1398442
_d1398442